[Event "53rd World U20 ch"]
[Site "Pune IND"]
[Date "2014.10.17"]
[Round "11.42"]
[White "Manush, Shah"]
[Black "Blazeka, Matej"]
[Result "1/2-1/2"]
[WhiteElo "2038"]
[BlackElo "2311"]
[EventDate "2014.10.06"]
[PlyCount "65"]

1.d4 d5 2.c4 e6 3.Nc3 Nf6 4.Nf3 c6 5.e3 Nbd7 6.Qc2 b6 7.b3 Bb7 8.Be2 Bd6 
9.O-O O-O 10.Bb2 c5 11.cxd5 exd5 12.Rfd1 Rc8 13.dxc5 Nxc5 14.Qf5 a6 15.
Rac1 Qe7 16.Nd4 Nce4 17.Nxe4 dxe4 18.Qg5 h6 19.Qh4 Rxc1 20.Rxc1 Rc8 21.Nf5
Rxc1+ 22.Bxc1 Qc7 23.Bb2 Qc2 24.Nxh6+ Kf8 25.Bxf6 Qxe2 26.Bxg7+ Kxg7 27.
Qg5+ Kh7 28.Qf5+ Kxh6 29.Qf6+ Kh7 30.Qxf7+ Kh8 31.Qf6+ Kg8 32.Qg6+ Kh8 33.
Qh6+ 1/2-1/2

[Event "53rd World U20 ch"]
[Site "Pune IND"]
[Date "2014.10.17"]
[Round "11.43"]
[White "Patil, Pratik"]
[Black "Vokhidov, Shamsiddin"]
[Result "1/2-1/2"]
[WhiteElo "2231"]
[BlackElo "2119"]
[EventDate "2014.10.06"]
[PlyCount "87"]

1.e4 c5 2.c3 d5 3.exd5 Qxd5 4.d4 Nf6 5.Nf3 e6 6.Na3 Nc6 7.Bd3 Qd8 8.Nc2 
Be7 9.O-O O-O 10.Qe2 Qc7 11.Bg5 Nd5 12.Qe4 f5 13.Qh4 Bxg5 14.Nxg5 h6 15.
Nf3 Nf4 16.Bb5 cxd4 17.Ncxd4 Nxd4 18.cxd4 Ng6 19.Qg3 Qxg3 20.hxg3 a6 21.
Ba4 Rd8 22.Rfe1 Nf8 23.Rac1 Bd7 24.Bb3 a5 25.d5 Ra6 26.Rcd1 a4 27.Bc4 Rd6 
28.dxe6 Bxe6 29.Bxe6+ Nxe6 30.Rxd6 Rxd6 31.Re5 g6 32.Rb5 b6 33.Ne5 Nc7 34.
Rb4 b5 35.g4 Kg7 36.gxf5 gxf5 37.Nf3 Kf6 38.Kf1 Rd5 39.Ke2 Ne6 40.Ke3 Rc5 
41.Kd2 Rd5+ 42.Ke3 Rc5 43.Kd2 Rd5+ 44.Ke3 1/2-1/2

[Event "53rd World U20 ch"]
[Site "Pune IND"]
[Date "2014.10.17"]
[Round "11.44"]
[White "Rindlisbacher, Jan"]
[Black "Chaithanyaa, K. G."]
[Result "1-0"]
[WhiteElo "2217"]
[BlackElo "2029"]
[EventDate "2014.10.06"]
[PlyCount "57"]

1.d4 d5 2.c4 e6 3.Nc3 c6 4.e4 dxe4 5.Nxe4 Bb4+ 6.Bd2 Qxd4 7.Bxb4 Qxe4+ 8.
Be2 Na6 9.Bd6 Ne7 10.Qd2 e5 11.Bxe7 Kxe7 12.Qg5+ Ke8 13.Qxg7 Rf8 14.Nf3 f6
15.Nxe5 Qxe5 16.O-O Rf7 17.Qg8+ Rf8 18.Bh5+ Qxh5 19.Rfe1+ Kd8 20.Qxf8+ Kc7
21.Rad1 Qg5 22.Qd8+ Kb8 23.Qd6+ Nc7 24.Re7 a6 25.Qxc7+ Ka7 26.h3 Rb8 27.
Rd8 Bxh3 28.Qxb8+ Kb6 29.Qxb7+ 1-0

[Event "53rd World U20 ch"]
[Site "Pune IND"]
[Date "2014.10.17"]
[Round "11.45"]
[White "Megalios, Konstantinos"]
[Black "Roshan, Rangarajan"]
[Result "1/2-1/2"]
[WhiteElo "2196"]
[BlackElo "2088"]
[EventDate "2014.10.06"]
[PlyCount "150"]

1.e4 c5 2.Nf3 Nc6 3.d4 cxd4 4.Nxd4 e6 5.Nb5 d6 6.c4 Nf6 7.N5c3 Be7 8.Be2 
O-O 9.O-O b6 10.Bf4 Bb7 11.Re1 Qd7 12.Nd2 Rad8 13.Bf1 Rfe8 14.Bg3 g6 15.h3
Nh5 16.Bh2 Ng7 17.Nf3 e5 18.Nd5 f5 19.Bd3 f4 20.b4 Ne6 21.Be2 h5 22.a4 
Ncd4 23.Nxd4 Nxd4 24.Nxf4 Nxe2+ 25.Nxe2 Bxe4 26.Nc3 Bb7 27.Nd5 Kg7 28.a5 
b5 29.Nxe7 Qxe7 30.cxb5 Qg5 31.f3 Kh7 32.Rc1 Rd7 33.Rc6 Bxc6 34.bxc6 Rc7 
35.Qxd6 Qe7 36.Qxe7+ Rexe7 37.b5 a6 38.Rxe5 axb5 39.Rc5 Rc8 40.c7 b4 41.
Rb5 Rcxc7 42.Bxc7 Rxc7 43.Rxb4 Rc1+ 44.Kf2 Ra1 45.Rb5 Ra2+ 46.Kg3 h4+ 47.
Kxh4 Rxg2 48.a6 Ra2 49.Rb7+ Kh6 50.a7 Ra4+ 51.Kg3 g5 52.Kf2 Ra3 53.Ke2 Kh5
54.Kd2 Kh4 55.Kc2 Kxh3 56.Kb2 Ra6 57.Kb3 Kg3 58.Rf7 Ra1 59.Kb4 Ra6 60.Kb5 
Ra3 61.Kb6 Rb3+ 62.Kc7 Ra3 63.Kb8 Rb3+ 64.Ka8 Kh3 65.Rf8 Kg3 66.Rf5 Kh4 
67.Rf6 Kg3 68.Rf7 Kh3 69.f4 g4 70.Rb7 Rf3 71.Rh7+ Kg3 72.Kb7 Rb3+ 73.Kc8 
Ra3 74.Kb8 Kxf4 75.Kc8 Ke5 1/2-1/2

[Event "53rd World U20 ch"]
[Site "Pune IND"]
[Date "2014.10.17"]
[Round "11.46"]
[White "Godbole, Atharva"]
[Black "Pranav, Shetty"]
[Result "0-1"]
[WhiteElo "2009"]
[BlackElo "2191"]
[EventDate "2014.10.06"]
[PlyCount "118"]

1.e4 c5 2.Nf3 d6 3.d4 cxd4 4.Nxd4 Nf6 5.Nc3 a6 6.Be3 e5 7.Nf3 Qc7 8.a4 Be7
9.a5 O-O 10.Be2 h6 11.O-O Be6 12.Nd5 Nxd5 13.exd5 Bg4 14.Bb6 Qc8 15.Ra3 
Nd7 16.Rc3 Qe8 17.Rb3 Nxb6 18.Rxb6 Qb8 19.Qd2 Bd8 20.Rb3 Qc7 21.Ra1 f5 22.
Ra4 Rf7 23.h3 Bxf3 24.Bxf3 Kh7 25.Be2 g6 26.Qc3 Qd7 27.Rc4 Bf6 28.Rb6 e4 
29.Qa3 Be5 30.Qb3 Qe7 31.Rcb4 Ra7 32.Qe3 Qd7 33.Rb3 Ra8 34.Kf1 Qc8 35.c3 
Rc7 36.R3b4 Qd7 37.Ke1 Re8 38.Kd1 Qf7 39.Qd2 Ree7 40.Kc2 Rc5 41.c4 Rxa5 
42.Rb3 Rc5 43.Kb1 Rcc7 44.g4 Red7 45.gxf5 gxf5 46.f3 Qg7 47.fxe4 Bd4 48.
R6b4 Bc5 49.Ra4 fxe4 50.Bg4 Rf7 51.Qc2 Qe5 52.Ra1 Rf2 53.Qd1 Bd4 54.Qc1 h5
55.Be6 Rg7 56.Ka2 b6 57.h4 Rgg2 58.Rb1 Kg7 59.Ka3 e3 0-1

[Event "53rd World U20 ch"]
[Site "Pune IND"]
[Date "2014.10.17"]
[Round "11.47"]
[White "Rakesh, Kumar Jena"]
[Black "Swain, Ashirwad"]
[Result "0-1"]
[WhiteElo "2164"]
[BlackElo "1998"]
[EventDate "2014.10.06"]
[PlyCount "79"]

1.c4 c6 2.e4 d5 3.cxd5 cxd5 4.exd5 Nf6 5.Qa4+ Nbd7 6.Nc3 g6 7.Nf3 Bg7 8.
Bc4 O-O 9.O-O a6 10.Qb4 Nb6 11.Re1 Qd6 12.Qxd6 exd6 13.d3 Bg4 14.Bf4 Bxf3 
15.gxf3 Rfd8 16.Bb3 Nh5 17.Bg5 Bf6 18.Be3 Nd7 19.f4 Ng7 20.Re2 Nf5 21.Ne4 
Rac8 22.a4 Kg7 23.Nxf6 Nxf6 24.Bc4 Re8 25.Rae1 Nh4 26.Kh1 Nf5 27.b4 Re7 
28.Bd4 Rxe2 29.Bxf6+ Kxf6 30.Rxe2 b5 31.axb5 axb5 32.Ba2 Rc3 33.Rb2 Nd4 
34.Bb1 Kf5 35.Kg2 Kxf4 36.f3 Rb3 37.Rxb3 Nxb3 38.d4 Nxd4 39.Bd3 Ke3 40.Bf1
0-1

[Event "53rd World U20 ch"]
[Site "Pune IND"]
[Date "2014.10.17"]
[Round "11.48"]
[White "Raja, Harshit"]
[Black "Siva, Mahadevan"]
[Result "0-1"]
[WhiteElo "2000"]
[BlackElo "2141"]
[EventDate "2014.10.06"]
[PlyCount "76"]

1.e4 e5 2.Nf3 Nc6 3.Bc4 Nf6 4.d3 Be7 5.c3 O-O 6.O-O d6 7.Bb3 Na5 8.Bc2 c5 
9.h3 h6 10.Nbd2 Nc6 11.Nc4 Be6 12.Ne3 d5 13.Qe2 d4 14.Nf5 Bxf5 15.exf5 Re8
16.Nd2 Qd7 17.Qf3 Rad8 18.Ne4 Nxe4 19.Qxe4 Bf6 20.g4 Ne7 21.Bd2 Bg5 22.
Bxg5 hxg5 23.c4 f6 24.h4 gxh4 25.b4 cxb4 26.Rfb1 Qc6 27.f3 Nd5 28.Bd1 Nc3 
29.Qxc6 bxc6 30.Rxb4 Rb8 31.Rxb8 Rxb8 32.Bb3 c5 33.Kf1 a5 34.Ke1 a4 35.Bc2
Rb2 36.Kd2 a3 37.Rh1 Nxa2 38.Kd1 Nb4 0-1

[Event "53rd World U20 ch"]
[Site "Pune IND"]
[Date "2014.10.17"]
[Round "11.49"]
[White "Fisher, William"]
[Black "Verhelst, Joris"]
[Result "1-0"]
[WhiteElo "2313"]
[BlackElo "2042"]
[EventDate "2014.10.06"]
[PlyCount "111"]

1.d4 d5 2.c4 e6 3.Nc3 c6 4.e4 dxe4 5.Nxe4 Bb4+ 6.Bd2 Bxd2+ 7.Qxd2 Nf6 8.
Nxf6+ Qxf6 9.Nf3 O-O 10.Rd1 Nd7 11.Qe3 Re8 12.Ne5 c5 13.Nxd7 Bxd7 14.dxc5 
Red8 15.Rd2 Bc6 16.Bd3 Bxg2 17.Rg1 Bc6 18.Qg5 Qxg5 19.Rxg5 Rd7 20.Be2 Rad8
21.Rxd7 Rxd7 22.b4 Rc7 23.Rg3 f6 24.a4 Kf7 25.a5 Be4 26.Re3 f5 27.f3 Bc2 
28.Ra3 f4 29.a6 bxa6 30.Rxa6 Bf5 31.b5 Ke7 32.b6 axb6 33.cxb6 Rc8 34.b7 
Rb8 35.Rb6 Kd7 36.c5 Kc7 37.Ba6 e5 38.Rd6 e4 39.Rd5 g6 40.Re5 exf3 41.Kf2 
h5 42.Kxf3 Rf8 43.Re7+ Kc6 44.Rf7 Bg4+ 45.Ke4 Rb8 46.Kxf4 Kxc5 47.Rc7+ Kb6
48.Rc8 Rxc8 49.bxc8=Q Bxc8 50.Bxc8 Kc7 51.Ba6 Kd6 52.h4 Ke7 53.Kg5 Kf7 54.
Bc4+ Kg7 55.Bb3 Kh8 56.Kh6 1-0

[Event "53rd World U20 ch"]
[Site "Pune IND"]
[Date "2014.10.17"]
[Round "11.50"]
[White "Rahul Srivatshav, P."]
[Black "Muthaiah, A. L."]
[Result "0-1"]
[WhiteElo "2061"]
[BlackElo "2215"]
[EventDate "2014.10.06"]
[PlyCount "116"]

1.d4 d5 2.Bf4 c5 3.e3 Nc6 4.c3 Nf6 5.Nd2 Bf5 6.Qb3 Qd7 7.Ngf3 c4 8.Qb5 a6 
9.Qb6 e6 10.b3 cxb3 11.Nxb3 Ne4 12.Bd3 Nxc3 13.Bxf5 exf5 14.Nc5 Bxc5 15.
Qxc5 Ne4 16.Qb6 O-O 17.Rb1 Nd8 18.Ne5 Qa4 19.O-O Nd2 20.Rb4 Qxa2 21.Rc1 
Ne4 22.Rb2 Qa3 23.Nd7 Re8 24.f3 Nc3 25.Bd6 Ne2+ 26.Kh1 Qxe3 27.Rf1 Nxd4 
28.Bg3 N8c6 29.Qxb7 Qe7 30.Rbb1 Red8 31.Ne5 Qxb7 32.Rxb7 Nxe5 33.Bxe5 Ne6 
34.Kg1 d4 35.Rd1 a5 36.Kf2 Rd5 37.Bb8 a4 38.Ke2 d3+ 39.Kd2 Nc5 40.Rb4 Na6 
41.Rxa4 Rxb8 42.Rxa6 Rb2+ 43.Kc3 Rc2+ 44.Kb3 Rb5+ 45.Ka3 Rc3+ 46.Ka4 Rb8 
47.Rb1 Rcc8 48.Rxb8 Rxb8 49.Rd6 g6 50.g4 fxg4 51.fxg4 Re8 52.Rd4 Re3 53.
Kb3 Rh3 54.Kc3 Kg7 55.Rxd3 Rxd3+ 56.Kxd3 Kf6 57.Ke3 Kg5 58.Kf3 Kh4 0-1

[Event "53rd World U20 ch"]
[Site "Pune IND"]
[Date "2014.10.17"]
[Round "11.51"]
[White "Sudarshan, Malga"]
[Black "Ronka, Erik"]
[Result "1-0"]
[WhiteElo "2007"]
[BlackElo "2183"]
[EventDate "2014.10.06"]
[PlyCount "109"]

1.c4 c5 2.Nc3 Nc6 3.g3 g6 4.Bg2 Bg7 5.e4 a6 6.Nge2 Rb8 7.a4 e6 8.d3 Nge7 
9.O-O d6 10.Be3 Nd4 11.Rb1 Nec6 12.f4 O-O 13.h3 f5 14.Kh1 Kh8 15.Qd2 Bd7 
16.b3 Qa5 17.Rfd1 Rfd8 18.Bf2 Qb4 19.Qa2 Qa5 20.Qd2 Qb4 21.Qa2 Qa5 22.Qd2 
Nxe2 23.Nxe2 Qxd2 24.Rxd2 b5 25.axb5 axb5 26.e5 dxe5 27.Bxc5 bxc4 28.dxc4 
Na5 29.Ba7 Bc6 30.Rxd8+ Rxd8 31.Bb6 Ra8 32.Ra1 exf4 33.Bxc6 Bxa1 34.Bxa8 
Nxb3 35.gxf4 Kg7 36.c5 Nxc5 37.Bxc5 e5 38.Kg2 exf4 39.Nxf4 g5 40.Ne6+ Kf6 
41.Bd5 h5 42.Bf8 Kg6 43.Be7 Bf6 44.Nf8+ Kg7 45.Bxf6+ Kxf6 46.Bc4 h4 47.
Nd7+ Ke7 48.Ne5 Kf6 49.Ng4+ Kg6 50.Bd3 Kh5 51.Kf3 fxg4+ 52.hxg4+ Kh6 53.
Ke4 Kg7 54.Kf5 Kh6 55.Kf6 1-0

[Event "53rd World U20 ch"]
[Site "Pune IND"]
[Date "2014.10.17"]
[Round "11.52"]
[White "Yashas, D."]
[Black "Manigandan, S. S."]
[Result "0-1"]
[WhiteElo "2159"]
[BlackElo "2099"]
[EventDate "2014.10.06"]
[PlyCount "92"]

1.c4 Nf6 2.Nc3 c6 3.e4 e5 4.Nf3 Qc7 5.d4 d6 6.h3 Be7 7.Be2 Nbd7 8.Be3 Nf8 
9.d5 c5 10.Nd2 Ng6 11.a3 O-O 12.g3 Ne8 13.h4 Nh8 14.h5 Qd8 15.Nf1 Nc7 16.
Qd2 f6 17.Nh2 Nf7 18.Nf3 f5 19.exf5 Bxf5 20.Nh4 Ng5 21.Nxf5 Rxf5 22.f4 
exf4 23.gxf4 Nf7 24.O-O-O a6 25.Bd3 Nh6 26.Bxf5 Nxf5 27.Qd3 Qd7 28.Rhg1 b5
29.Bf2 Rb8 30.Ne4 b4 31.Qb3 a5 32.a4 Na8 33.Ng3 Nb6 34.Qd3 Nxg3 35.Qxg3 
Bf6 36.b3 Nxa4 37.Be1 Nc3 38.Bxc3 bxc3 39.Rde1 a4 40.Re6 Bd4 41.b4 Bxg1 
42.Qxg1 cxb4 43.Qe3 a3 44.Re7 a2 45.Rxd7 a1=Q+ 46.Kc2 Qa4+ 0-1

[Event "53rd World U20 ch"]
[Site "Pune IND"]
[Date "2014.10.17"]
[Round "11.53"]
[White "Arjun, Satheesh"]
[Black "Iniyan, P."]
[Result "0-1"]
[WhiteElo "2004"]
[BlackElo "2151"]
[EventDate "2014.10.06"]
[PlyCount "86"]

1.d4 Nf6 2.c4 g6 3.Nc3 Bg7 4.e4 d6 5.Nf3 O-O 6.Be2 e5 7.O-O Nc6 8.d5 Ne7 
9.Nd2 Nd7 10.b4 f5 11.a4 Nf6 12.f3 f4 13.c5 g5 14.Nc4 Ng6 15.Ba3 Rf7 16.b5
Bf8 17.b6 dxc5 18.bxc7 Rxc7 19.Qb3 Rg7 20.Rfd1 g4 21.d6 Kh8 22.Nb5 g3 23.
h3 Ne8 24.Bb2 Be6 25.Qc2 Bxc4 26.Qxc4 a6 27.Na3 Bxd6 28.Qd5 Ne7 29.Qe6 Nc6
30.Nc4 Nd4 31.Bxd4 exd4 32.e5 Qe7 33.Qf5 Bxe5 34.Nxe5 Nd6 35.Qxf4 Rf8 36.
Qd2 Qxe5 37.a5 Re8 38.Bf1 Qe3+ 39.Qxe3 Rxe3 40.Rdb1 c4 41.Rb6 Rd7 42.Rc1 
d3 43.Rb2 Nb5 0-1

[Event "53rd World U20 ch"]
[Site "Pune IND"]
[Date "2014.10.17"]
[Round "11.54"]
[White "Abhishek, A."]
[Black "Kumar, Gaurav"]
[Result "1-0"]
[WhiteElo "2138"]
[BlackElo "1945"]
[EventDate "2014.10.06"]
[PlyCount "70"]

1.d4 Nf6 2.Nf3 e6 3.e3 d5 4.Bd3 c5 5.b3 Be7 6.O-O O-O 7.Bb2 b6 8.Nbd2 Bb7 
9.Ne5 Nbd7 10.f4 Ne4 11.Nxe4 dxe4 12.Bc4 Nxe5 13.fxe5 Bg5 14.Qe2 a6 15.a4 
Qc7 16.Rae1 Qc6 17.Qg4 h6 18.Qe2 cxd4 19.exd4 e3 20.Qg4 b5 21.Bd3 Rad8 22.
Re2 bxa4 23.h4 Be7 24.Rxe3 h5 25.Qe2 a3 26.Rg3 f5 27.exf6 Bxf6 28.Qxh5 
Bxd4+ 29.Bxd4 Rxf1+ 30.Kxf1 Rxd4 31.Qh7+ Kf8 32.Qxg7+ Ke8 33.Bg6+ Kd8 34.
Qxd4+ Qd5 35.Qc5 Qxc5 1-0

[Event "53rd World U20 ch"]
[Site "Pune IND"]
[Date "2014.10.17"]
[Round "11.55"]
[White "Pastar, Slaven"]
[Black "Ajay Krishna, S"]
[Result "1-0"]
[WhiteElo "2159"]
[BlackElo "2072"]
[EventDate "2014.10.06"]
[PlyCount "91"]

1.e4 c5 2.Nc3 g6 3.f4 Bg7 4.Nf3 Nc6 5.Bb5 Nd4 6.O-O Nxb5 7.Nxb5 a6 8.Nc3 
e6 9.e5 d5 10.d4 cxd4 11.Qxd4 Ne7 12.Na4 O-O 13.Qf2 b5 14.Nc5 Qc7 15.Nd3 
a5 16.Be3 Ba6 17.a3 Rfc8 18.Bc5 Nc6 19.b4 Nd8 20.c3 Bb7 21.Rfc1 axb4 22.
axb4 Bc6 23.Qb2 Nb7 24.Bd4 Bf8 25.Nf2 Ra4 26.Ng4 Bg7 27.Qf2 h5 28.Ne3 Bh6 
29.Qh4 Qd8 30.Ng5 Kg7 31.g4 Bxg5 32.fxg5 Qh8 33.gxh5 Qxh5 34.Qf4 Rca8 35.
Rxa4 Rxa4 36.Rf1 Be8 37.Ng4 Ra2 38.Nf6 Qh8 39.Nxe8+ Qxe8 40.Qf6+ Kg8 41.
Rf3 Ra1+ 42.Kg2 Ra2+ 43.Bf2 Qf8 44.Rh3 Qg7 45.Qe7 Qxe5 46.Qe8+ 1-0

[Event "53rd World U20 ch"]
[Site "Pune IND"]
[Date "2014.10.17"]
[Round "11.56"]
[White "Fong Yit San"]
[Black "Rakesh, Kumar Nayak"]
[Result "1/2-1/2"]
[WhiteElo "2149"]
[BlackElo "2057"]
[EventDate "2014.10.06"]
[PlyCount "121"]

1.e4 e5 2.Nf3 Nc6 3.Bb5 a6 4.Ba4 Nf6 5.O-O Nxe4 6.d4 b5 7.Bb3 d5 8.dxe5 
Be6 9.c3 Be7 10.Qe2 O-O 11.Nd4 Nxd4 12.cxd4 f5 13.f3 Ng5 14.Be3 f4 15.Bd2 
h6 16.Nc3 c6 17.Qf2 Nh7 18.Ne2 Bh4 19.g3 Ng5 20.Kh1 fxg3 21.Bxg5 gxf2 22.
Bxd8 Raxd8 23.Kg2 h5 24.Ng3 Bg5 25.Kxf2 h4 26.Ne2 Rf7 27.f4 Bxf4 28.Nxf4 
Rxf4+ 29.Ke3 Re4+ 30.Kd3 Rf8 31.Rxf8+ Kxf8 32.Rc1 Bd7 33.Rg1 Kf7 34.Bd1 
Bf5 35.Kc3 c5 36.dxc5 Rc4+ 37.Kd2 Rxc5 38.Bb3 Be4 39.Rg4 Bf5 40.Rxh4 Ke6 
41.Rh8 Kxe5 42.Re8+ Kd4 43.Rf8 Be4 44.h4 g6 45.Rf6 a5 46.h5 gxh5 47.Rh6 
Rc7 48.Rxh5 Rg7 49.Rh2 b4 50.Rf2 Rg1 51.Bd1 Ke5 52.Rh2 Kd4 53.Rf2 a4 54.
Rh2 a3 55.bxa3 bxa3 56.Rh3 Rg2+ 57.Be2 Ke5 58.Rxa3 d4 59.Ke1 Kf4 60.Rh3 
Rg1+ 61.Kd2 1/2-1/2

[Event "53rd World U20 ch"]
[Site "Pune IND"]
[Date "2014.10.17"]
[Round "11.57"]
[White "Horton, Jamie"]
[Black "Abhijith, M."]
[Result "1/2-1/2"]
[WhiteElo "2064"]
[BlackElo "2126"]
[EventDate "2014.10.06"]
[PlyCount "99"]

1.e4 e6 2.d4 d5 3.Nc3 Bb4 4.exd5 exd5 5.Bd3 Nf6 6.Ne2 O-O 7.O-O b6 8.Ng3 
c5 9.dxc5 bxc5 10.a3 Bxc3 11.bxc3 Bg4 12.f3 Be6 13.Kh1 Nbd7 14.h3 Qc7 15.
f4 Nb6 16.Kh2 Rad8 17.f5 Bc8 18.Bg5 Kh8 19.Bf4 Qc6 20.Qf3 Bb7 21.Rab1 c4 
22.Be2 Qc8 23.Qf2 Rfe8 24.Be3 d4 25.Bxd4 Nbd5 26.Bf3 Ba8 27.Rfe1 Qa6 28.
Qf1 Qa4 29.Ne4 Nxe4 30.Bxe4 Nxc3 31.Bxc3 Bxe4 32.Qf2 Qxc2 33.Qxc2 Bxc2 34.
Rxe8+ Rxe8 35.Rb4 Bxf5 36.Rxc4 Kg8 37.Rc7 a6 38.Rc6 Bd3 39.Rd6 Be2 40.Rd5 
Rc8 41.Ba5 h6 42.Rd8+ Rxd8 43.Bxd8 f5 44.h4 Kf7 45.Kg3 Ke6 46.Kf4 Bg4 47.
Ba5 Kd5 48.Bc3 g6 49.Bg7 h5 50.g3 1/2-1/2

[Event "53rd World U20 ch"]
[Site "Pune IND"]
[Date "2014.10.17"]
[Round "11.58"]
[White "Dhulipalla, Bala Chandra Prasad"]
[Black "Doluweera, Minul Sanjula"]
[Result "1/2-1/2"]
[WhiteElo "2118"]
[BlackElo "1827"]
[EventDate "2014.10.06"]
[PlyCount "80"]

1.Nf3 Nf6 2.g3 d5 3.Bg2 c5 4.O-O Nc6 5.d3 e6 6.Nbd2 Be7 7.e4 O-O 8.e5 Nd7 
9.Re1 b5 10.Nf1 a5 11.h4 a4 12.a3 b4 13.Bf4 Nb6 14.N1h2 c4 15.d4 c3 16.
bxc3 bxc3 17.Re3 Nc4 18.Rxc3 Qa5 19.Bd2 Qa7 20.Bg5 Bxg5 21.hxg5 Qa5 22.Qe1
Ba6 23.Ng4 Rab8 24.Bf1 Qb6 25.Rd3 Qb2 26.Rdd1 Qxc2 27.Bd3 Qb3 28.Kg2 Rfc8 
29.Qf1 Bb5 30.Rab1 Nb2 31.Bxb5 Qxb5 32.Qh1 Qe2 33.Rd2 Qe4 34.Rdxb2 Rxb2 
35.Rxb2 Qxg4 36.Rc2 Qxf3+ 37.Kxf3 Nxd4+ 38.Kg2 Nxc2 39.Qb1 Nxa3 40.Qb7 Rf8
1/2-1/2

[Event "53rd World U20 ch"]
[Site "Pune IND"]
[Date "2014.10.17"]
[Round "11.59"]
[White "Wagh, Suyog"]
[Black "Stamos, Filippos"]
[Result "1/2-1/2"]
[WhiteElo "2001"]
[BlackElo "2076"]
[EventDate "2014.10.06"]
[PlyCount "82"]

1.d4 d6 2.e4 g6 3.c4 Bg7 4.Nc3 Nd7 5.Nf3 e5 6.g3 Ne7 7.Bg2 O-O 8.O-O exd4 
9.Nxd4 Nc6 10.Nde2 a5 11.Rb1 Nc5 12.Be3 Re8 13.Nd4 Ne5 14.b3 Ng4 15.Bc1 a4
16.f3 Ne5 17.h3 axb3 18.axb3 Nc6 19.Nce2 Ra2 20.Rf2 Nb4 21.Nf4 Rxf2 22.
Kxf2 g5 23.Nfe2 Nbd3+ 24.Kg1 Nxc1 25.Rxc1 Qf6 26.Qd2 Qe5 27.Re1 Bd7 28.Ra1
Ne6 29.Ra5 b5 30.Nxb5 Qc5+ 31.Kf1 Qb6 32.b4 h6 33.f4 gxf4 34.gxf4 Bc6 35.
Bf3 Nf8 36.Qd3 Ng6 37.Ra3 Qb7 38.Ra7 Qc8 39.Bg2 Qb8 40.Ra6 Qb7 41.Ra7 Qb6 
1/2-1/2

[Event "53rd World U20 ch"]
[Site "Pune IND"]
[Date "2014.10.17"]
[Round "11.60"]
[White "Nazario, Marc Christian"]
[Black "Deepthamsh, Reddy M."]
[Result "1-0"]
[WhiteElo "2029"]
[BlackElo "2071"]
[EventDate "2014.10.06"]
[PlyCount "115"]

1.e4 c5 2.Nf3 d6 3.Bb5+ Nd7 4.c4 Nf6 5.O-O Nxe4 6.Re1 Nf6 7.d4 a6 8.Ba4 
cxd4 9.Nxd4 e6 10.Bf4 Qa5 11.Nc3 Qh5 12.Qd2 Be7 13.c5 Qxc5 14.Rxe6 b5 15.
Bxd6 fxe6 16.Bxc5 Nxc5 17.Bb3 Bd7 18.Re1 Nxb3 19.axb3 b4 20.Na4 Rd8 21.Qe2
O-O 22.Nxe6 Bxe6 23.Qxe6+ Rf7 24.g3 Bf8 25.Qxa6 Rd2 26.Re2 Rd6 27.Qc4 h5 
28.h3 g6 29.Kh2 Kg7 30.Qxb4 Rd1 31.Qc3 h4 32.Nc5 hxg3+ 33.fxg3 Bxc5 34.
Qxc5 Rd5 35.Qc6 Rfd7 36.b4 R5d6 37.Qc4 Rd4 38.Qc3 R4d6 39.Rf2 Rd4 40.Rf4 
R4d6 41.h4 Kf7 42.b5 Ke7 43.Qe5+ Kf7 44.Kh3 Re6 45.Qc3 Ke7 46.Qc5+ Kf7 47.
b4 Kg7 48.Qc3 Kf7 49.g4 Ke7 50.Rf3 Rdd6 51.g5 Nd7 52.Rd3 Rxd3+ 53.Qxd3 Rd6
54.Qc3 Ke6 55.h5 gxh5 56.Kh4 Ne5 57.Qc8+ Kd5 58.b6 1-0

[Event "53rd World U20 ch"]
[Site "Pune IND"]
[Date "2014.10.17"]
[Round "11.61"]
[White "Sai Agni Jeevitesh, J."]
[Black "Nitish, Belurkar"]
[Result "0-1"]
[WhiteElo "2068"]
[BlackElo "2046"]
[EventDate "2014.10.06"]
[PlyCount "120"]

1.d4 d6 2.e4 Nf6 3.Nd2 g6 4.Bd3 Bg7 5.c3 O-O 6.Ngf3 Nc6 7.O-O e5 8.dxe5 
dxe5 9.Nc4 Nh5 10.Re1 Nf4 11.Bf1 Qxd1 12.Rxd1 Bg4 13.Be3 f5 14.exf5 Rxf5 
15.Ncd2 Rff8 16.Bc5 Rfe8 17.h3 Bf5 18.Bc4+ Kh8 19.Ng5 h6 20.Nge4 Red8 21.
a4 Rd7 22.Be3 Bf8 23.Nf6 Rdd8 24.Nde4 Be7 25.f3 Kg7 26.Nd5 Nxd5 27.Bxd5 
Rd7 28.g4 Rad8 29.gxf5 Rxd5 30.Rxd5 Rxd5 31.fxg6 Kxg6 32.Kf2 b6 33.Ke2 Nd8
34.Rg1+ Kh7 35.Ng3 Ne6 36.Bxh6 Bc5 37.c4 Rd7 38.Be3 Nf4+ 39.Bxf4 Bxg1 40.
Bxe5 Bd4 41.Bxd4 Rxd4 42.b3 Rh4 43.Ne4 Kg6 44.Nf2 Kf5 45.Ke3 a5 46.Ne4 
Rxh3 47.c5 Ke5 48.cxb6 cxb6 49.Nc3 Kd6 50.Ke4 Kc5 51.Nd5 Rh6 52.Ne3 Kb4 
53.Nf5 Rh8 54.Ne3 Kxb3 55.Nd5 b5 56.axb5 a4 57.Nf4 a3 58.Nd3 Rc8 59.b6 a2 
60.b7 Re8+ 0-1

[Event "53rd World U20 ch"]
[Site "Pune IND"]
[Date "2014.10.17"]
[Round "11.62"]
[White "Saim, Mohamed Ilias"]
[Black "Grahesh, Y."]
[Result "1/2-1/2"]
[WhiteElo "2040"]
[BlackElo "1919"]
[EventDate "2014.10.06"]
[PlyCount "205"]

1.e4 c5 2.Nf3 d6 3.d4 cxd4 4.Nxd4 Nf6 5.Nc3 Nc6 6.Bc4 Qb6 7.Nb3 e6 8.O-O 
Be7 9.Kh1 O-O 10.f4 a6 11.Qf3 Qc7 12.Bd3 Rb8 13.Bd2 b5 14.a4 b4 15.Nd1 Bb7
16.Qh3 e5 17.Ne3 exf4 18.Nd5 Qc8 19.Qxc8 Rfxc8 20.Nxe7+ Nxe7 21.Bxf4 Bxe4 
22.Bxd6 Bxd3 23.cxd3 Rb7 24.Na5 Rd7 25.Bxb4 Ned5 26.Bd2 Rb8 27.Nc4 Nb4 28.
Ne5 Rd5 29.Bxb4 Rxb4 30.Nc6 Rb7 31.Rfd1 Rd6 32.Na5 Rbd7 33.Ra3 Ne4 34.Kg1 
Nc5 35.b4 Nxd3 36.Nc4 Rd4 37.b5 Nc5 38.Rxd4 Rxd4 39.Nb2 axb5 40.Rc3 Ne6 
41.axb5 Kf8 42.Nc4 Nc5 43.h3 Rd1+ 44.Kh2 Nd7 45.Ne3 Rb1 46.Nd5 f6 47.Rc7 
Ke8 48.b6 Nxb6 49.Rb7 Nxd5 50.Rxb1 Kf7 51.Rb7+ Kg6 52.g4 Nf4 53.h4 h5 54.
Kg3 Ne6 55.Re7 Nd4 56.Re4 Nb5 57.Ra4 hxg4 58.Kxg4 Nd6 59.Ra8 Nf7 60.h5+ 
Kh7 61.Kf5 Nh6+ 62.Ke6 Ng4 63.Rb8 Ne5 64.Rb7 Kh6 65.Kf5 Kh7 66.Ra7 Nc6 67.
Ra8 Nd4+ 68.Kg4 Nc6 69.Rc8 Nd4 70.Re8 Nb5 71.Rd8 Na7 72.Kf5 Nc6 73.Re8 
Nd4+ 74.Kf4 Nc6 75.Re1 Kh6 76.Rg1 Ne5 77.Kf5 Nf7 78.Rg6+ Kh7 79.Ke6 Ne5 
80.Rg1 Nf3 81.Rg3 Ng5+ 82.Kf5 Kh6 83.Rg2 Nf3 84.Ra2 Kxh5 85.Kf4 Nh4 86.Ra8
g5+ 87.Kg3 Nf5+ 88.Kf3 Nh6 89.Rf8 Kg6 90.Ra8 Nf7 91.Ra7 f5 92.Ra5 Nh6 93.
Ra1 Ng8 94.Ra6+ Nf6 95.Rb6 Kf7 96.Ra6 Nd7 97.Ra5 Ke6 98.Ra6+ Kd5 99.Ra5+ 
Nc5 100.Rb5 Kd6 101.Rb6+ Ke5 102.Rb5 Kd5 103.Ra5 1/2-1/2

[Event "53rd World U20 ch"]
[Site "Pune IND"]
[Date "2014.10.17"]
[Round "11.63"]
[White "Senthil, Maran K."]
[Black "Vandewiele, Emiel"]
[Result "1-0"]
[WhiteElo "2043"]
[BlackElo "1882"]
[EventDate "2014.10.06"]
[PlyCount "37"]

1.d4 c5 2.d5 e5 3.dxe6 fxe6 4.c4 Nf6 5.g3 Be7 6.Bg2 O-O 7.Nf3 Qc7 8.O-O a6
9.Nc3 Nc6 10.Bf4 d6 11.Qd2 Nh5 12.Nd5 exd5 13.Qxd5+ Rf7 14.Qxh5 Rf5 15.Ng5
Bxg5 16.Qe8+ Rf8 17.Bd5+ Be6 18.Qxe6+ Kh8 19.Bxg5 1-0

[Event "53rd World U20 ch"]
[Site "Pune IND"]
[Date "2014.10.17"]
[Round "11.64"]
[White "Nader, Mohamed"]
[Black "Reddy, Ananta"]
[Result "1-0"]
[WhiteElo "2098"]
[BlackElo "1420"]
[EventDate "2014.10.06"]
[PlyCount "71"]

1.d4 d5 2.Nf3 Nf6 3.e3 c5 4.c3 cxd4 5.exd4 Bf5 6.Qb3 Qc8 7.Bf4 e6 8.Ne5 
Be7 9.Bb5+ Nbd7 10.Bg5 a6 11.Bxf6 axb5 12.Bxe7 Kxe7 13.Qb4+ Ke8 14.Qxb5 
Bxb1 15.Rxb1 Rxa2 16.O-O f6 17.Nd3 Kf7 18.Ra1 Ra6 19.Nb4 Rb6 20.Qe2 Re8 
21.Rfe1 Nf8 22.Ra7 Qc4 23.Nd3 Ng6 24.f4 Ne7 25.Nc5 Qxe2 26.Rxe2 Nc8 27.
Rxb7+ Rxb7 28.Nxb7 Ke7 29.f5 Kf7 30.fxe6+ Ke7 31.b3 Na7 32.c4 dxc4 33.d5 
Nc8 34.bxc4 Nd6 35.Na5 Nf5 36.c5 1-0

[Event "53rd World U20 ch"]
[Site "Pune IND"]
[Date "2014.10.17"]
[Round "11.65"]
[White "Taalaibekov, Tagir"]
[Black "Raivath, Mallela"]
[Result "1-0"]
[WhiteElo "1948"]
[BlackElo "1070"]
[EventDate "2014.10.06"]
[PlyCount "59"]

1.d4 d5 2.c4 c6 3.Nf3 Nf6 4.e3 Bg4 5.Qb3 Qc7 6.Ne5 Bf5 7.Nc3 e6 8.Be2 Bd6 
9.f4 Nbd7 10.Bd2 O-O 11.O-O h6 12.Rac1 Qb6 13.Qd1 Qxb2 14.g4 Bh7 15.Nd3 
Qa3 16.c5 Be7 17.Nb1 Qxa2 18.Nb4 Qa5 19.Nxc6 Qc7 20.Nxe7+ Kh8 21.c6 bxc6 
22.Nxc6 Bxb1 23.Ne5 Qd8 24.Rxb1 Nxe5 25.fxe5 Ne4 26.Bd3 Nxd2 27.Qxd2 a5 
28.Bc2 a4 29.Ra1 a3 30.Qd3 1-0

[Event "53rd World U20 ch"]
[Site "Pune IND"]
[Date "2014.10.18"]
[Round "12.2"]
[White "Lu Shanglei"]
[Black "Dragun, Kamil"]
[Result "1/2-1/2"]
[WhiteElo "2533"]
[BlackElo "2546"]
[EventDate "2014.10.06"]
[PlyCount "106"]

1.e4 e5 2.Nf3 Nf6 3.d4 Nxe4 4.Bd3 d5 5.Nxe5 Nd7 6.Nxd7 Bxd7 7.O-O Qh4 8.c4
O-O-O 9.c5 g5 10.Nc3 Bg7 11.g3 Qh3 12.Nxe4 dxe4 13.Bxe4 Bb5 14.Bg2 Qf5 15.
Be3 Bxf1 16.Kxf1 c6 17.Kg1 Rd7 18.Qa4 Kb8 19.d5 Rxd5 20.Bxd5 Qxd5 21.Rd1 
Qf5 22.b4 a6 23.Qa5 Bf6 24.a4 Qg4 25.Rd6 Be7 26.Rd2 Qf5 27.h3 Re8 28.Kh2 
h5 29.b5 h4 30.g4 Qe5+ 31.Kg1 Qc7 32.Qb4 axb5 33.axb5 cxb5 34.Qxb5 Rd8 35.
Rb2 Kc8 36.Qa4 Qc6 37.Qc2 Rd7 38.Rb6 Qd5 39.Rb1 Qc6 40.Qa2 Rd5 41.Qa1 Bxc5
42.Qh8+ Kc7 43.Rc1 Qd6 44.Kg2 Qc6 45.Kg1 Qd6 46.Kg2 Qe7 47.Qa8 Qd6 48.Qe8 
f6 49.Qf7+ Kb8 50.Qe8+ Kc7 51.Qf7+ Kb8 52.Qe8+ Kc7 53.Qf7+ Kb8 1/2-1/2